| Tag |
First Indicator |
Second Indicator |
Subfields |
| LEADER |
00000cam a2200000 i 4500 |
| 001 |
in00004088021 |
| 005 |
20200117105137.0 |
| 006 |
m o d f |
| 007 |
cr bn||||||||| |
| 008 |
190807s2014 dcu ob f000 0 eng c |
| 035 |
|
|
|a (OCoLC)on1111687078
|
| 040 |
|
|
|a GPO
|b eng
|e pn
|c GPO
|d GPO
|d MvI
|d UtOrBLW
|
| 042 |
|
|
|a pcc
|
| 043 |
|
|
|a n-us---
|
| 049 |
|
|
|a WWW
|
| 074 |
|
|
|a 0718-A-74 (online)
|
| 086 |
0 |
|
|a J 32.33:P 84
|
| 130 |
0 |
|
|a Positive youth development (United States. Office of Juvenile Justice and Delinquency Prevention)
|
| 245 |
1 |
0 |
|a Positive youth development.
|
| 250 |
|
|
|a Last updated: August 2014.
|
| 264 |
|
1 |
|a [Washingron, D.C.] :
|b Office of Juvenile Justice and Delinquency Prevention,
|c 2014.
|
| 300 |
|
|
|a 1 online resource (7 pages).
|
| 336 |
|
|
|a text
|b txt
|2 rdacontent
|
| 337 |
|
|
|a computer
|b c
|2 rdamedia
|
| 338 |
|
|
|a online resource
|b cr
|2 rdacarrier
|
| 490 |
1 |
|
|a Literature review, a product of the model programs guide
|
| 504 |
|
|
|a Includes bibliographcal references (pages 5-7)
|
| 536 |
|
|
|a Prepared by Development Services Group, Inc. under cooperative agreement
|b 2013-JF-FX-K002.
|
| 588 |
|
|
|a Description based on online resource; title from PDF title page (OJJDP, viewed July 9, 2019).
|
| 500 |
|
|
|a Electronic resource.
|
| 650 |
|
0 |
|a Youth development
|z United States.
|0 http://id.loc.gov/authorities/subjects/sh2010119902
|
| 650 |
|
0 |
|a Juvenile delinquency
|z United States
|x Prevention.
|0 http://id.loc.gov/authorities/subjects/sh2008106276
|
| 710 |
1 |
|
|a United States.
|b Office of Juvenile Justice and Delinquency Prevention,
|e issuing body.
|0 http://id.loc.gov/authorities/names/n82131614
|
| 710 |
2 |
|
|a Development Services Group, Inc.
|0 http://id.loc.gov/authorities/names/n93082680
|
| 830 |
|
0 |
|a Literature review (United States. Office of Juvenile Justice and Delinquency Prevention)
|0 http://id.loc.gov/authorities/names/no2019114462
|
| 856 |
4 |
0 |
|u https://purl.fdlp.gov/GPO/gpo122628
|t 0
|
| 999 |
f |
f |
|s df66df2d-2214-3b66-9ca0-2ca4ceca56ac
|i 0ec12b04-a59f-398d-8255-2f923d33fea2
|t 0
|
| 952 |
f |
f |
|a Texas A&M University
|b College Station
|c Electronic Resources
|d Available Online
|t 0
|e J 32.33:P 84
|h Superintendent of Documents classification
|
| 998 |
f |
f |
|a J 32.33:P 84
|t 0
|l Available Online
|